000 00643nam a2200193Ia 4500
008 151121s9999||||xx |||||||||||||| ||und||
082 _a818/कोलार
082 _bHNW-61173
100 _aकोलारकर शरद
245 _aजगावेगळे जीवनरंग
260 _b"विजय प्रकाशन, नागपूर।"
260 _c--
300 _a188
600 _aकोलारकर शरद
630 _aजगावेगळे जीवनरंग
700 _aकोलारकर शरद
730 _aजगावेगळे जीवनरंग
942 _cBOOK
999 _c1242719
_d1242716